|
|
|
|
| LEADER |
00000nab a2200000 a 4500 |
| 001 |
vtls000489892 |
| 003 |
SK-MaSNL |
| 005 |
20260304014707.0 |
| 008 |
241209c1992 xo 0 hun |
| 015 |
|
|
|a SNBRB19rr/mm-uuuuu
|
| 035 |
|
|
|a CL0490030
|
| 040 |
|
|
|a SNKBUCL
|b slo
|c SNKBUCL
|e AACR2
|
| 041 |
1 |
|
|a hun
|h slo
|
| 044 |
|
|
|a xo
|c SK
|
| 080 |
|
|
|a 885.0-1=945.11
|2 1981
|
| 100 |
1 |
|
|a Blatný, Ivan,
|d 1919-1990
|4 aut
|9 210577
|
| 245 |
1 |
0 |
|a Haború
|c Ivan Blatný ; fordításai László Tóth
|
| 500 |
|
|
|a Obsahuje 2 básne
|
| 655 |
|
7 |
|a články z novín a časopisov
|2 snkbucl
|9 267496
|
| 655 |
|
7 |
|a články z odboru literárna veda a krásna literatúra
|2 snkbucl
|9 770045
|
| 655 |
|
7 |
|a slovenská poézia
|2 snkbucl
|9 70444
|
| 700 |
1 |
|
|a Tóth, László,
|d 1949-
|4 trl
|9 103353
|
| 740 |
0 |
2 |
|a Igazságosság
|
| 773 |
0 |
|
|t A Hét
|g Roč. 37, č. 40 (1992), s. 17
|
| 850 |
|
|
|a Slovenská národná knižnica
|
| 852 |
|
|
|a Slovenská národná knižnica
|
| 954 |
|
|
|a beletria cudzojazyčná (svetová)
|2 lita
|
| 958 |
|
|
|a RK
|
| 958 |
|
|
|a CZ
|
| 958 |
|
|
|a HU
|
| 958 |
|
|
|a LX
|
| 992 |
|
|
|a RBX
|
| 999 |
|
|
|c 2586913
|d 2588843
|